Sports Quiz

Random Sports Quiz

Scottish Premier League XIs 2012-13 Quiz Stats

 Plays Quiz not verified by Sporcle

Challenge
Share
Tweet
Embed
Score 0/132 Timer 20:00
0 Plays Today
% Correct
Fraser Forster
80%
Gary Hooper
65.7%
Scott Boyd
65.7%
Russell Anderson
62.9%
Steven Anderson
62.9%
Jamie Langfield
57.1%
Niall McGinn
57.1%
Jonny Hayes
57.1%
Emilio Izaguirre
54.3%
Kelvin Wilson
54.3%
Georgios Samaras
54.3%
Jamie MacDonald
54.3%
Mikael Lustig
51.4%
Ryan Stevenson
51.4%
Dave Mackay
51.4%
Steven Thompson
51.4%
Leigh Griffiths
51.4%
Brian McLean
48.6%
Ryan McGowan
48.6%
John Sutton
48.6%
Billy McKay
48.6%
Paul McGowan
48.6%
Kenny McLean
48.6%
Clark Robertson
45.7%
Kris Commons
45.7%
Victor Wanyama
45.7%
Stuart Armstrong
45.7%
Graeme Shinnie
45.7%
Andrew Shinnie
45.7%
Keith Lasley
45.7%
Efe Ambrose
42.9%
Charlie Mulgrew
42.9%
Johnny Russell
42.9%
David Raven
42.9%
Darron Randolph
40%
Steven Hammell
40%
Alan Mannus
40%
Darren Barr
37.1%
Owain Tudur Jones
37.1%
Callum Davidson
37.1%
Murray Davidson
37.1%
Craig Samson
37.1%
David Wotherspoon
37.1%
Iain Davidson
37.1%
% Correct
Scott Vernon
34.3%
Joe Ledley
34.3%
Andy Webster
34.3%
Marius Žaliūkas
34.3%
Mehdi Taouil
34.3%
Josh Meekings
34.3%
Ross Draper
34.3%
Richie Foran
34.3%
Michael Higdon
34.3%
Michael Fraser
34.3%
Frazer Wright
34.3%
Liam Craig
34.3%
Ben Williams
34.3%
James McPake
34.3%
Mark Reynolds
31.4%
Aaron Doran
31.4%
Nicky Law
31.4%
Steven MacLean
31.4%
Paul Hanlon
31.4%
Willo Flood
28.6%
Callum Paterson
28.6%
Gary Warren
28.6%
Cameron Bell
28.6%
James Fowler
28.6%
Tom Hateley
28.6%
Gary Teale
28.6%
Radosław Cierzniak
25.7%
Séan Dillon
25.7%
Barry Douglas
25.7%
Gavin Gunning
25.7%
John Rankin
25.7%
Jon Daly
25.7%
Liam Kelly
25.7%
Shaun Hutchinson
25.7%
Chris Humphrey
25.7%
Henrik Ojamaa
25.7%
Richard Brittain
25.7%
Iain Vigurs
25.7%
David van Zanten
25.7%
Eoin Doyle
25.7%
Tom Taiwo
25.7%
Rab Douglas
25.7%
Paul Heffernan
22.9%
Jamie Murphy
22.9%
% Correct
Stuart Kettlewell
22.9%
Marc McAusland
22.9%
Jim Goodwin
22.9%
Keith Watson
20%
Manuel Pascali
20%
Chris Millar
20%
Kevin McHattie
17.1%
James Dayton
17.1%
Grant Munro
17.1%
Rocco Quinn
17.1%
Rowan Vine
17.1%
Lee Mair
17.1%
Jim McAlister
17.1%
Stephen Hughes
14.3%
Michael Nelson
14.3%
Paul Lawson
14.3%
Colin Nish
14.3%
Matt Lockwood
14.3%
Gary Irvine
14.3%
Joe Shaughnessy
11.4%
Gavin Rae
11.4%
Isaac Osbourne
11.4%
Arvydas Novikovas
11.4%
Antonio Reguero
11.4%
Grégory Tadé
11.4%
Alan Maybury
11.4%
Ryan McGivern
11.4%
Jorge Claros
11.4%
Jeroen Tesselaar
8.6%
Mahamadou Sissoko
8.6%
Cillian Sheridan
8.6%
Paul Cairney
8.6%
John Baird
8.6%
Declan Gallagher
8.6%
Ryan O'Leary
5.7%
Sam Morrow
5.7%
Paul Dummett
5.7%
Graham Carey
5.7%
Kyle Benedictus
5.7%
Simon Ramsden
2.9%
Mihael Kovačević
2.9%
Marc Fitzpatrick
2.9%
Lewis Toshney
2.9%
Kevin McBride
2.9%

You're not logged in!

Compare scores with friends on all Sporcle quizzes.
Join for Free
OR
Log In

You Might Also Like...

Show Comments

Extras

Top Quizzes Today


Score Distribution

Your Account Isn't Verified!

In order to create a playlist on Sporcle, you need to verify the email address you used during registration. Go to your Sporcle Settings to finish the process.

Report this User

Report this user for behavior that violates our Community Guidelines.

Details: